000 00407nam a22001457a 4500
082 _a824
_bDOS/D
245 _aDostoevsky :
_b a collection of critical essays /
_cedited by Rene Wellek.
250 _a1st.
260 _aNew Jersey :
_bPrentice-Hall, Inc & Englewood Cliffs,
_c1962.
300 _a180p.
546 _aEnglish
650 _a English Literature
700 _aWellek, Rene. (Ed.)
942 _cBK
999 _c533974
_d533974